Wringer / (Record no. 2859)
[ view plain ]
| 000 -LEADER | |
|---|---|
| fixed length control field | 01114cam a2200361 a 4500 |
| 001 - CONTROL NUMBER | |
| control field | 2859 |
| 003 - CONTROL NUMBER IDENTIFIER | |
| control field | FISKH |
| 005 - DATE AND TIME OF LATEST TRANSACTION | |
| control field | 20260403160824.0 |
| 008 - FIXED-LENGTH DATA ELEMENTS--GENERAL INFORMATION | |
| fixed length control field | 961127s1997 nyu c 000 1 eng |
| 010 ## - LIBRARY OF CONGRESS CONTROL NUMBER | |
| LC control number | 96037897 |
| 020 ## - INTERNATIONAL STANDARD BOOK NUMBER | |
| International Standard Book Number | 0060249137 |
| 020 ## - INTERNATIONAL STANDARD BOOK NUMBER | |
| International Standard Book Number | 9780590037105 |
| 020 ## - INTERNATIONAL STANDARD BOOK NUMBER | |
| International Standard Book Number | 0060249145 (lib. bdg.) |
| 040 ## - CATALOGING SOURCE | |
| Original cataloging agency | DLC |
| Transcribing agency | DLC |
| Modifying agency | DLC |
| Language of cataloging | eng |
| 042 ## - AUTHENTICATION CODE | |
| Authentication code | lcac |
| 050 00 - LIBRARY OF CONGRESS CALL NUMBER | |
| Classification number | PZ7.S75663 |
| Item number | Wr 1997 |
| 082 00 - DEWEY DECIMAL CLASSIFICATION NUMBER | |
| Classification number | [Fic] |
| Edition number | 21 |
| 100 1# - MAIN ENTRY--PERSONAL NAME | |
| Personal name | Spinelli, Jerry. |
| 245 10 - TITLE STATEMENT | |
| Title | Wringer / |
| Statement of responsibility, etc. | Spinelli. Jerry |
| 250 ## - EDITION STATEMENT | |
| Edition statement | First Scholastic printing, September 1998 |
| 260 ## - PUBLICATION, DISTRIBUTION, ETC. | |
| Place of publication, distribution, etc. | New York : |
| Name of publisher, distributor, etc. | Scholastic, |
| Date of publication, distribution, etc. | 1997 |
| 300 ## - PHYSICAL DESCRIPTION | |
| Extent | 228 pages : |
| Dimensions | 20 cm |
| 505 ## - FORMATTED CONTENTS NOTE | |
| Formatted contents note | R <br/> |
| 520 ## - SUMMARY, ETC. | |
| Summary, etc. | As Palmer comes of age, he must either accept the violence of being a wringer at his town's annual Pigeon Day or find the courage to oppose it. |
| 521 8# - TARGET AUDIENCE NOTE | |
| Target audience note | 690 <br/> |
| Source | Lexile <br/> |
| 521 8# - TARGET AUDIENCE NOTE | |
| Target audience note | R <br/> |
| Source | Raz-Plus <br/> |
| 586 ## - AWARDS NOTE | |
| Awards note | Newbery Medal Honor Book, 1998. |
| 650 #1 - SUBJECT ADDED ENTRY--TOPICAL TERM | |
| Topical term or geographic name entry element | Courage |
| General subdivision | Fiction. |
| 650 #1 - SUBJECT ADDED ENTRY--TOPICAL TERM | |
| Topical term or geographic name entry element | Violence |
| General subdivision | Fiction. |
| 650 #1 - SUBJECT ADDED ENTRY--TOPICAL TERM | |
| Topical term or geographic name entry element | Pigeons |
| General subdivision | Fiction. |
| 906 ## - LOCAL DATA ELEMENT F, LDF (RLIN) | |
| a | 7 |
| b | cbc |
| c | orignew |
| d | 1 |
| e | ocip |
| f | 19 |
| g | y-gencatlg |
| 942 ## - ADDED ENTRY ELEMENTS (KOHA) | |
| Source of classification or shelving scheme | Dewey Decimal Classification |
| Koha item type | Books |
| Suppress in OPAC | No |
| Withdrawn status | Lost status | Source of classification or shelving scheme | Damaged status | Not for loan | Collection | Home library | Current library | Shelving location | Date acquired | Total Checkouts | Full call number | Barcode | Date last seen | Copy number | Price effective from | Koha item type |
|---|---|---|---|---|---|---|---|---|---|---|---|---|---|---|---|---|
| Dewey Decimal Classification | Fiction | Footprints International School Library Network Toul Kork Campus | Footprints International School Library Network Toul Kork Campus | A TK Campus, 4th Floor, Room B401, Fiction Bookcases (1-6) | 01/18/2024 | SPI Fic PZ7.S75663 | FISSE00592 | 01/18/2024 | 1 | 01/18/2024 | Books | |||||
| Dewey Decimal Classification | Fiction | Footprints International School Library Network Toul Kork Campus | Footprints International School Library Network Toul Kork Campus | A TK Campus, 4th Floor, Room B401, Fiction Bookcases (1-6) | 01/30/2024 | SPI Fic PZ7.S75663 | FISSE00591 | 01/30/2024 | 2 | 01/30/2024 | Books | |||||
| Dewey Decimal Classification | Fiction | Footprints International School Library Network Toul Kork Campus | Footprints International School Library Network Toul Kork Campus | A TK Campus, 4th Floor, Room B401, Fiction Bookcases (1-6) | 01/30/2024 | SPI Fic PZ7.S75663 | FISSE00590 | 01/30/2024 | 3 | 01/30/2024 | Books | |||||
| Dewey Decimal Classification | Fiction | Footprints International School Library Network Toul Kork Campus | Footprints International School Library Network Toul Kork Campus | A TK Campus, 4th Floor, Room B401, Fiction Bookcases (1-6) | 01/31/2024 | SPI Fic PZ7.S75663 | FISSE00589 | 01/31/2024 | 4 | 01/31/2024 | Books | |||||
| Dewey Decimal Classification | Fiction | Footprints International School Library Network Toul Kork Campus | Footprints International School Library Network Toul Kork Campus | A TK Campus, 4th Floor, Room B401, Fiction Bookcases (1-6) | 01/31/2024 | SPI Fic PZ7.S75663 | 2024-0073 | 02/02/2024 | 5 | 01/31/2024 | Books | |||||
| Dewey Decimal Classification | Fiction | Footprints International School Library Network Toul Kork Campus | Footprints International School Library Network Toul Kork Campus | TTP Primary Orange Bookshelves | 05/17/2024 | SPI Fic PZ7.S75663 | 2024-2096 | 09/26/2024 | 7 | 05/17/2024 | Books | |||||
| Dewey Decimal Classification | Fiction | Footprints International School Library Network Toul Kork Campus | Footprints International School Library Network Toul Kork Campus | TTP Primary Orange Bookshelves | 02/07/2025 | SPI Fic PZ7.S75663 | 2025-0443 | 02/07/2025 | 8 | 02/07/2025 | Books | |||||
| Dewey Decimal Classification | Juvenile Fiction | Footprints International School Library Network Toul Tom Poung Campus | Footprints International School Library Network Toul Tom Poung Campus | TTP Primary Orange Bookshelves | 05/17/2024 | SPI Fic PZ7.S75663 | 2024-0635 | 05/17/2024 | 6 | 05/17/2024 | Books | |||||
| Dewey Decimal Classification | Juvenile Fiction | Footprints International School Library Network Toul Tom Poung Campus | Footprints International School Library Network Toul Tom Poung Campus | TTP Primary Orange Bookshelves | 07/01/2025 | SPI Fic PZ7.S75663 | 2025-1714 | 07/01/2025 | 9 | 07/01/2025 | Books | |||||
| Dewey Decimal Classification | Juvenile Fiction | Footprints International School Library Network Toul Tom Poung Campus | Footprints International School Library Network Toul Tom Poung Campus | TTP Primary Orange Bookshelves | 07/10/2025 | SPI Fic PZ7.S75663 | 2025-1818 | 07/10/2025 | 10 | 07/10/2025 | Books |
